000
00229 a2200097 4500
001
1336
100
_a
Tarasevich.V.
245
_a
Fits, tolerances and engineering measurement
260
_a
_b
Foreign langua
_c
090
_c
893
_d
893
942
_a
NUST-CAE
_c
M
_c
35744
999
_c
236409
_d
236409